000 00875nam a2200265Ia 4500
003 OSt
005 20220930072755.0
006 a|||||r|||| 00| 0
007 ta
008 220926b |||||||| |||| 00| 0 eng d
024 _a24891
037 _cTheses
040 _aCRL
_cCRL
_beng
041 _2eng
_aeng
100 _aYogendra Kumar
_9528145
110 _aUniversity of Delhi. Faculty of Medical Sciences. Department of Anatomy
245 0 _aComparative analysis of morphological and microscopic findings of human placenta in normal and diabetic pregnancy
260 _c1998
300 _a102p.
_ap.
_ccm.
650 _aANATOMY
700 _a Dr Gayatri Rath Supervisor
_9530396
700 _aUniversity of Delhi. Faculty of Medical Sciences. Department of Anatomy
942 _cDIS
_2CC
999 _c864293
_d864293